| 000 | 00540nam a22001817a 4500 | ||
|---|---|---|---|
| 003 | OSt | ||
| 005 | 20140310181732.0 | ||
| 008 | 130316t xxu||||| |||| 00| 0 eng d | ||
| 020 | _a080750341X | ||
| 050 |
_aPZ 7 _b.H528 1993 |
||
| 082 |
_aPZ7 _b .H528 1993 |
||
| 245 |
_aAnd God created squash : how the world began _c Martha Whitmore Hickman ; illustrated by Giuliano Ferri |
||
| 260 |
_aMorton Grove, Ill. _bA. Whitman _c1993 |
||
| 300 |
_a1 v. (unpaged) : col. ill. ; _c28 cm. |
||
| 562 | _e1 | ||
| 942 |
_2lcc _cBK-GS |
||
| 999 |
_c2432 _d2432 |
||